| 000 | 00617nam a22002297a 4500 | ||
|---|---|---|---|
| 001 | 00028615 | ||
| 005 | 20260321103026.0 | ||
| 008 | 260321b ag ||||| |||| 00| 0 spa d | ||
| 020 | _a978849867224 | ||
| 040 |
_aAR-CcCEOS _bspa _cAR-CcCEOS |
||
| 041 | _aspa | ||
| 080 | _a895.1-3 | ||
| 090 | _bCAN | ||
| 100 | 1 |
_aOoi, Can-Seng _9945 |
|
| 245 |
_aEl libro de la nada / _cSeng Can |
||
| 250 | _a1ª ed. | ||
| 264 |
_aBarcelona : _bPerez Galdós, _cc2008. |
||
| 300 |
_a133 p. ; _c24x15 cm. |
||
| 655 | 0 |
_aliteratura china _9946 |
|
| 942 |
_2udc _cBK _n0 |
||
| 999 |
_c28645 _d28645 |
||